| 000 | 01092nam a22002778i 4500 | ||
|---|---|---|---|
| 999 |
_c29084 _d29055 |
||
| 001 | 018693624 | ||
| 003 | EG-ScBUE | ||
| 005 | 20210419095028.0 | ||
| 008 | 180117s2017 caua f 000 0 eng d | ||
| 020 | _a9781633225824 (pbk.) | ||
| 040 |
_aStDuBDS _beng _erda _cStDuBDS _dEG-ScBUE |
||
| 082 | 0 | 4 |
_a741.22 _bPEA _222 |
| 100 | 1 | 0 |
_aPearce, Steven, _eauthor. |
| 245 | 1 | 0 |
_a101 textures in graphite & charcoal : _bpractical step-by-step drawing techniques for rendering a variety of surfaces & textures / _cSteven Pearce. |
| 246 | 3 |
_aone hundred and one textures in graphite and charcoal : _bpractical step-by-step drawing techniques for rendering a variety of surfaces and textures |
|
| 264 | 1 |
_aMission Viejo, CA : _bWalter Foster, _c2017. |
|
| 300 |
_a128 pages : _bcolor illustrations ; _c25 cm |
||
| 336 |
_atext _2rdacontent _btxt |
||
| 336 |
_astill image _2rdacontent _btxt |
||
| 337 |
_aunmediated _2rdamedia _bn |
||
| 338 |
_avolume _2rdacarrier _bnc |
||
| 650 | 7 |
_aCharcoal drawing _xTechnique. _2BUEsh |
|
| 653 |
_bGGEN _cApril2021 |
||
| 655 |
_vReading book _934232 |
||
| 942 |
_2ddc _cBB |
||